|
|
|
|
| LEADER |
00632nab a2200181 i 4500 |
| 001 |
acta21543 |
| 005 |
20210527123946.0 |
| 008 |
161015s1962 hu o 0|| ger d |
| 022 |
|
|
|a 0563-0592
|
| 040 |
|
|
|a SZTE Egyetemi Kiadványok Repozitórium
|b hun
|
| 041 |
|
|
|a ger
|
| 100 |
1 |
|
|a Horváth Imre
|
| 245 |
1 |
0 |
|a Histologische Untersuchungen an den paravertebralen Ganglien von Rana ridibunda
|h [elektronikus dokumentum] /
|c Horváth Imre
|
| 260 |
|
|
|c 1962
|
| 300 |
|
|
|a 135-142
|
| 490 |
0 |
|
|a Acta biologica
|v 8 No. 1-4
|
| 695 |
|
|
|a Természettudomány
|
| 856 |
4 |
0 |
|u http://acta.bibl.u-szeged.hu/21543/1/biologica_008_135-142.pdf
|z Dokumentum-elérés
|